Biografía del Jeneral Don Manuel Bulnes, Presidente de la República de Chile
Uloženo v:
| Hlavní autor: | |
|---|---|
| Médium: | Kniha |
| Jazyk: | španělština |
| Vydáno: |
Santiago
Imprenta Chilena
1846
|
| Vydání: | 1a. ed |
| Témata: | |
| Tagy: |
Přidat tag
Žádné tagy, Buďte první, kdo vytvoří štítek k tomuto záznamu!
|
MARC
| LEADER | 00000nam a2200000 a 4500 | ||
|---|---|---|---|
| 001 | UCJ6673 | ||
| 003 | CL-VaPUC | ||
| 008 | 070124e18460000CL |||||||||||||||||spa|d | ||
| 082 | 0 | 4 | |a 923 |b BUL |2 21 |
| 100 | |a Alberdi, Juan Bautista, |d 1810-1884 |e author |9 331707 | ||
| 245 | 1 | 0 | |a Biografía del Jeneral Don Manuel Bulnes, Presidente de la República de Chile |
| 250 | |a 1a. ed | ||
| 300 | |a 84 p | ||
| 942 | |c BK | ||
| 945 | |d 20070124 00:00:00 |a rinostro | ||
| 260 | |a Santiago |b Imprenta Chilena |c 1846 | ||
| 500 | |a Medina, en su Diccionario de Anónimos y Sinónimos aclara la autoría de esta obra publicada sin autor. Nota de Don Eduardo | ||
| 600 | 0 | |a Bulnes, Manuel |9 315172 | |
| 650 | 0 | |a Historia de Chile |9 265473 | |
| 650 | 7 | |a BIOGRAFIA |2 CL-VaPUC |9 504622 | |
| 650 | 0 | |a Presidentes de Chile |9 268293 | |
| 650 | 0 | |a Guerra de la independencia |9 331979 | |
| 650 | 0 | |a Guerra contra la confederación |9 506371 | |
| 650 | 0 | |a Guerra de Arauco |9 267618 | |
| 650 | 7 | |a MONTONERAS |2 CL-VaPUC |9 504218 | |
| 650 | 7 | |a DESCRIPCION BIBLIOFILICA |2 CL-VaPUC |9 504580 | |
| 650 | 7 | |a LIBRO RARO CHILENO |2 CL-VaPUC |9 504266 | |
| 651 | 7 | |a CHILE |2 CL-VaPUC |9 513759 | |
| 651 | 0 | |a Perú |9 256567 | |
| 583 | |a last modification |c 20070124 00:00:00 |k Rodrigo Vera | ||
| 999 | |c 322775 |d 322773 | ||
| 952 | |0 0 |1 0 |4 0 |6 923_000000000000000_BUL_1846 |7 0 |8 X |9 401848 |a FDOBUD |b FDOBUD |d 2019-11-22 |i 1050990 |o 923 BUL 1846 |p 1050990 |r 2019-11-22 |w 2019-11-22 |y BK_X |k BUD | ||